In vivo analysis of inter-dependency between autophagy and ubiquitin proteasome system in skeletal muscle atrophy (Record no. 393524)

MARC details
000 -LEADER
fixed length control field 00518nam a2200169 4500
005 - DATE & TIME
control field 20250919112839.0
008 - FIXED-LENGTH DATA ELEMENTS--GENERAL INFORMATION
fixed length control field 250919b |||||||| |||| 00| 0 eng d
040 ## - CATALOGING SOURCE
Original cataloging agency VIVEKANANDA LIBRARY
082 ## - DDC NUMBER
Classification number 574.192
Book Number A11I
100 ## - MAIN ENTRY--PERSONAL NAME
Personal name Ajay Singh
245 ## - TITLE STATEMENT
Title In vivo analysis of inter-dependency between autophagy and ubiquitin proteasome system in skeletal muscle atrophy
260 ## - PUBLICATION, DISTRIBUTION, ETC. (IMPRINT)
Name of publisher, distributor, etc Department of Biochemistry, M D University, Rohtak
Date of publication, distribution, etc 2024
300 ## - PHYSICAL DESCRIPTION
Pages 144
650 ## - Subject
Subject Biochemistry
700 ## - Added Entry Personal Name
Added Entry Personal Name Dabur, Rajesh
942 ## - ADDED ENTRY ELEMENTS (KOHA)
Koha item type Thesis
Holdings
Withdrawn status Lost status Source of classification or shelving scheme Damaged status Not for loan Location (home branch) Sublocation or collection (holding branch) Shelving location Date acquired Koha issues (times borrowed) Koha full call number Accession No. Koha date last seen Copy number Koha item type
    Dewey Decimal Classification     VIVEKANANDA LIBRARY VIVEKANANDA LIBRARY Vivekananda Library 19/09/2025   574.192 A11I 411029 19/09/2025 R Thesis
© Designed and Maintained by Vivekananda Library, MDU Rohtak